| 000 | 00486nam a2200169Ia 4500 | ||
|---|---|---|---|
| 999 |
_c22084 _d22084 |
||
| 003 | OSt | ||
| 005 | 20200709142901.0 | ||
| 008 | 190216s9999||||xx |||||||||||||| ||und|| | ||
| 040 | _coclc | ||
| 082 |
_a297 _bMOU/S |
||
| 100 |
_aMoudoodi, Abul Ala _91860 |
||
| 245 | 0 |
_aSadacharam Islamil / _cAbul Ala Moudoodi |
|
| 260 |
_bIslamic Publishing House, _c1982. _aKozhikode: |
||
| 300 | _a46p | ||
| 650 | _aIslamic History | ||
| 942 |
_cBK _2ddc _h297 _iMOU/S _k297 _mMOU/S |
||